The language of dance /

Bibliographic Details
Main Author: Wigman, Mary, 1886-1973
Format: Book
Language:English
German
Published: Middletown, Conn. : Wesleyan University Press, [1966]
Edition:[1st ed.].
Subjects:

MARC

Tag First Indicator Second Indicator Subfields
LEADER 00000cam a22000001 4500
001 in00000366409
005 20151011081007.0
008 771130s1966 ctuac 00000 eng
010 |a  66018118  
035 |a (OCoLC)00971283 
035 |9 ABP8873AM 
040 |a DLC  |c DLC  |d TXA  |d UtOrBLW 
041 1 |a eng  |a ger 
049 |a TXAM  |c [1398370] 
050 0 0 |a GV1595  |b .W453 
082 0 |a 793.30924 
100 1 |a Wigman, Mary,  |d 1886-1973. 
245 1 4 |a The language of dance /  |c Translated from the German by Walter Sorell. 
250 |a [1st ed.]. 
264 1 |a Middletown, Conn. :  |b Wesleyan University Press,  |c [1966] 
300 |a 118 pages :  |b illustrations (part color) portrait ;  |c 24 x 30 cm. 
336 |a text  |b txt  |2 rdacontent 
337 |a unmediated  |b n  |2 rdamedia 
338 |a volume  |b nc  |2 rdacarrier 
650 0 |a Dance. 
999 |a MARS 
999 f f |s ea174253-74d4-3cd0-b36a-9a7f6e9fcca4  |i 8ccf949d-20f4-3ff8-b8b4-e1b7e7dee12d  |t 0 
952 f f |p ric  |a Texas A&M University  |b Rellis Campus  |c Joint Library Facility  |d Remote Storage  |t 0  |e GV1595 .W453  |h Library of Congress classification  |i unmediated -- volume  |m A14802492315 
998 f f |a GV1595 .W453  |t 0  |l Remote Storage